Taylor Swift - ME! Lyrics - Statistics

General Stats
  • This quiz has been taken 181 times
  • The average score is 340 of 382
Answer Stats
Answer % Correct
I
100%
me
100%
Me
100%
a
99%
that
99%
the
99%
you
98%
You
98%
of
97%
i'm
96%
I'm
96%
like
96%
Like
96%
never
96%
on
96%
baby
95%
Baby
95%
one
95%
And
94%
and
94%
find
94%
no
94%
Oh-oh-oh
94%
know
93%
only
93%
promise
93%
that's
93%
there
93%
you'll
93%
fun
92%
fun!
92%
another
91%
your
91%
is
90%
love
90%
we
90%
in
89%
spell
89%
when
89%
with
89%
you're
89%
You're
89%
But
88%
out
88%
it
86%
to
86%
not
85%
there's
85%
theres
85%
go
84%
guy
84%
others
84%
lot
83%
these
83%
things
83%
want
83%
all
82%
can't
82%
gonna
82%
think
82%
before
81%
colors
81%
comes
81%
cool
81%
lover
81%
kids!
80%
rain
80%
Spelling
80%
alone
79%
chicks
79%
kind
79%
leave
79%
rainbow
79%
ladies
78%
guys
77%
well
77%
where
77%
without
77%
aint
76%
ain't
76%
awesome
76%
handful
76%
jump
76%
nobody's
76%
phone
76%
see
76%
Hey
75%
enough
74%
doll
72%
Girl
72%
am
71%
team
71%
lame
69%
fight
68%
follow
67%
what
67%
had
66%
just
66%
will
66%
About
65%
away
65%
'Cause
65%
my
65%
psycho
65%
uh
65%
get
64%
wanna
63%
make
62%
summer
62%
walk
62%
called
61%
name
61%
three
61%
two
61%
winter
60%
trouble's
58%
went
56%
ran
55%
tend
55%
after
53%
Let
53%
company
52%
bore
51%
keep
50%
Livin'
50%
Strike
47%
band
39%
up
37%
No matching quizzes found
Score Distribution
Percent of People with Each Score
Percentile by Number Answered
Your Score History
You have not taken this quiz